[Event "EIWCC 2017"]
[Site "Riga"]
[Date "2017.04.15"]
[Round "5"]
[White "Arakhamia-Grant, Ketevan"]
[Black "Pavlidou, Ekaterini"]
[Result "1-0"]
[WhiteElo "2374"]
[BlackElo "2180"]
[Annotator "NA"]
[PlyCount "85"]
[EventDate "2017.??.??"]
[EventType "swiss"]
[EventCountry "LAT"]
[SourceTitle "playchess.com"]
[Source "ChessBase"]
[SourceQuality "1"]
[TimeControl "40/5400+30:1800+30"]

1. e4 {[%emt 0:00:00]} c5 {[%emt 0:00:20]} 2. Nc3 {[%emt 0:00:00]} Nc6 {[%emt 0:01:17]} 3. Bb5 {[%emt 0:00:00]} g6 {[%emt 0:01:14]} 4. Bxc6 {[%emt 0:00:40]} dxc6 {[%emt 0:00:37]} 5. d3 {[%emt 0:00:14]} Bg7 {[%emt 0:00:13]} 6. Be3 {[%emt 0:00:25]} b6 {[%emt 0:01:13]} 7. Qd2 {[%emt 0:00:18]} e5 {[%emt 0:01:17] LiveBook: 74 Games B23: Closed Sicilian: Lines without g3} 8. h3 {[%emt 0:01:44]} Qe7 {[%emt 0:03:02]} 9. Nge2 {[%emt 0:11:29]} Nf6 {[%emt 0:09:09]} 10. Bh6 {[%emt 0:02:40]} O-O {[%emt 0:00:16]} 11. g4 $146 {[%emt 0:05:55]} (11. Bxg7 Kxg7 12. O-O Nd7 13. Rae1 f6 14. Kh1 Ba6 15. f4 exf4 16. Nxf4 {1-0 (37) Kasimdzhanov,R (2664)-Afek,Y (2387) Vlissingen 2003}) 11... Rd8 {[%emt 0:02:09]} 12. O-O-O {[%emt 0:12:11]} b5 {[%emt 0:03:48]} 13. Bxg7 {[%emt 0:01:44]} Kxg7 {[%emt 0:00:07]} 14. Ng3 {[%emt 0:01:06]} a5 {[%emt 0:04:34]} 15. f4 {[%emt 0:14:24]} exf4 {[%emt 0:06:05]} 16. Qxf4 {[%emt 0:00:05]} a4 {[%emt 0:06:42]} 17. e5 $11 {[%emt 0:07:21]} Nd5 {[%emt 0:25:47]} 18. Nxd5 {[%emt 0:00:12]} Rxd5 {[%emt 0:00:06]} 19. Rde1 {[%emt 0:00:22]} Rd4 {[%emt 0:04:20]} 20. Ne4 {[%emt 0:02:24]} Be6 {[%emt 0:02:49]} 21. Qf6+ {[%emt 0:16:32]} Qxf6 {[%emt 0:00:06]} 22. exf6+ {[%emt 0:00:04]} Kf8 {[%emt 0:00:13]} 23. Nxc5 {[%emt 0:01:08]} Bxa2 {[%emt 0:01:37]} 24. Re7 {[%emt 0:04:32]} h6 {[%emt 0:05:53]} 25. Rhe1 {[%emt 0:01:50]} Rad8 {[%emt 0:01:44]} 26. c3 {[%emt 0:07:15]} R4d5 {[%emt 0:01:04]} 27. d4 {[%emt 0:00:07]} g5 {[%emt 0:04:16]} 28. Rc7 {[%emt 0:01:11]} Kg8 {[%emt 0:04:28]} 29. Ree7 {[%emt 0:01:08]} Rxc5 {[%emt 0:01:22]} 30. dxc5 {[%emt 0:00:23]} Bb3 {[%emt 0:02:21]} 31. Red7 {[%emt 0:01:50]} Re8 {[%emt 0:00:14]} 32. Re7 {[%emt 0:00:20]} Rd8 {[%emt 0:00:05]} 33. Rcd7 {[%emt 0:01:49]} Rc8 {[%emt 0:00:07]} 34. Kd2 {[%emt 0:00:49]} Kh7 {[%emt 0:03:39]} 35. Rc7 {[%emt 0:01:03]} Rd8+ {[%emt 0:00:45]} 36. Red7 {[%emt 0:00:56]} Rxd7+ {[%emt 0:01:53]} 37. Rxd7 {[%emt 0:00:05]} Bc4 {[%emt 0:00:40]} 38. Ke3 {[%emt 0:03:42]} Bf1 {[%emt 0:01:47]} 39. Rxf7+ {[%emt 0:00:20]} Kg6 {[%emt 0:00:07]} 40. Rc7 {[%emt 0:00:00]} Bxh3 {[%emt 0:00:41]} 41. Kf3 {[%emt 0:01:29]} Bf1 {[%emt 0:03:34]} 42. Rxc6 {[%emt 0:00:41]} Bc4 {[%emt 0:00:49]} 43. Rd6 {[%emt 0:00:37]} 1-0

[Event "EIWCC 2017"]
[Site "Riga"]
[Date "2017.04.15"]
[Round "5"]
[White "Yildiz, Betul Cemre"]
[Black "Hapala, Elisabeth"]
[Result "1-0"]
[WhiteElo "2367"]
[BlackElo "2091"]
[Annotator "NA"]
[PlyCount "61"]
[EventDate "2017.??.??"]
[EventType "swiss"]
[EventCountry "LAT"]
[SourceTitle "playchess.com"]
[Source "ChessBase"]
[SourceQuality "1"]
[TimeControl "40/5400+30:1800+30"]

1. d4 {[%emt 0:00:00]} d5 {[%emt 0:00:06]} 2. c4 {[%emt 0:00:00]} c6 {[%emt 0:00:02]} 3. Nf3 {[%emt 0:00:00]} Nf6 {[%emt 0:00:05]} 4. e3 {[%emt 0:00:04]} g6 {[%emt 0:00:25]} 5. Nbd2 {[%emt 0:00:30]} Bg7 {[%emt 0:00:15]} 6. Be2 {[%emt 0:01:32]} O-O {[%emt 0:00:22]} 7. O-O {[%emt 0:00:24]} Bg4 {[%emt 0:00:43]} 8. h3 {[%emt 0:03:06]} Bxf3 {[%emt 0:00:25]} 9. Nxf3 {[%emt 0:00:03]} e6 {[%emt 0:02:08]} 10. b4 {[%emt 0:04:38]} Nbd7 {[%emt 0:07:30]} 11. Qb3 {[%emt 0:04:43]} Ne4 {[%emt 0:10:29]} 12. Bb2 {[%emt 0:01:34]} a6 {[%emt 0:01:27]} 13. a4 {[%emt 0:04:46]} Nb6 {[%emt 0:12:06]} 14. c5 {[%emt 0:06:58]} Nd7 {[%emt 0:00:04]} 15. b5 {[%emt 0:00:12]} axb5 {[%emt 0:00:16]} 16. axb5 {[%emt 0:00:07]} Qc7 {[%emt 0:03:42]} 17. Ra3 {[%emt 0:14:37]} Rxa3 {[%emt 0:01:29]} 18. Qxa3 {[%emt 0:00:27]} e5 {[%emt 0:16:22]} 19. Ra1 {[%emt 0:08:40]} exd4 {[%emt 0:01:21]} 20. exd4 {[%emt 0:00:03]} Re8 {[%emt 0:12:03]} 21. Bf1 {[%emt 0:00:25]} Qb8 {[%emt 0:10:40]} 22. Ra2 {[%emt 0:01:56]} Bf6 {[%emt 0:05:40]} 23. Bc1 {[%emt 0:08:13]} Nf8 {[%emt 0:02:55]} 24. Rb2 {[%emt 0:06:43]} Qc8 {[%emt 0:02:19]} 25. bxc6 {[%emt 0:03:34]} bxc6 {[%emt 0:00:07]} 26. Rb6 {[%emt 0:01:28]} Nd7 {[%emt 0:06:28]} 27. Ra6 {[%emt 0:00:59]} Nb8 {[%emt 0:00:32]} 28. Ra7 {[%emt 0:01:10]} Qf5 {[%emt 0:02:03]} 29. Be3 {[%emt 0:03:45]} h5 {[%emt 0:00:18]} 30. Rb7 {[%emt 0:00:54]} Bd8 {[%emt 0:02:29]} 31. Rxb8 {[%emt 0:00:38]} 1-0

[Event "EIWCC 2017"]
[Site "Riga"]
[Date "2017.04.15"]
[Round "5"]
[White "Babiy, Olga"]
[Black "Zherebtsova, Alexandra"]
[Result "1/2-1/2"]
[WhiteElo "2359"]
[BlackElo "2222"]
[Annotator "NA"]
[PlyCount "92"]
[EventDate "2017.??.??"]
[EventType "swiss"]
[EventCountry "LAT"]
[SourceTitle "playchess.com"]
[Source "ChessBase"]
[SourceQuality "1"]
[TimeControl "40/5400+30:1800+30"]

1. e4 {[%emt 0:00:00]} e5 {[%emt 0:00:04]} 2. Nf3 {[%emt 0:00:00]} Nc6 {[%emt 0:00:09]} 3. Bb5 {[%emt 0:00:00]} a6 {[%emt 0:00:19]} 4. Ba4 {[%emt 0:00:01]} Nf6 {[%emt 0:00:33]} 5. O-O {[%emt 0:00:12]} Be7 {[%emt 0:00:32]} 6. Re1 {[%emt 0:00:07]} b5 {[%emt 0:00:07]} 7. Bb3 {[%emt 0:00:04]} d6 {[%emt 0:00:04]} 8. h3 {[%emt 0:01:26]} Na5 {[%emt 0:14:18]} 9. c3 {[%emt 0:01:19]} Nxb3 {[%emt 0:00:31]} 10. axb3 {[%emt 0:00:06]} Bb7 {[%emt 0:01:35]} 11. d3 {[%emt 0:00:07]} O-O {[%emt 0:04:06] LiveBook: 4 Games} 12. Nbd2 {[%emt 0:00:45]} Re8 {[%emt 0:05:14]} 13. Nf1 {[%emt 0:01:16]} h6 {[%emt 0:04:24]} 14. c4 {[%emt 0:03:52] C90: Closed Ruy Lopez with 7...d6: Early deviations} Bf8 {[%emt 0:04:21]} 15. Bd2 {[%emt 0:02:55]} Qd7 $146 {[%emt 0:09:14]} (15... g6 16. N3h2 Nd7 17. Re3 Bg7 18. Rg3 {½-½ (34) Dobrijevic,M (2220)-Todorovic,G (2476) Belgrade 2015}) 16. N3h2 {[%emt 0:02:01]} Kh7 {[%emt 0:09:25]} 17. Qf3 {[%emt 0:02:10]} Qe6 {[%emt 0:04:58]} 18. Ne3 {[%emt 0:05:15]} c6 {[%emt 0:05:17]} 19. Bc3 {[%emt 0:14:24]} Nd7 {[%emt 0:05:01]} 20. b4 {[%emt 0:02:40]} g6 {[%emt 0:05:32]} 21. Rad1 {[%emt 0:04:31]} Bg7 {[%emt 0:00:47]} 22. Qg3 {[%emt 0:00:17]} Nf6 {[%emt 0:03:52]} 23. Qf3 {[%emt 0:05:40]} (23. Qh4 $11) 23... Rf8 {[%emt 0:05:19]} 24. Nhf1 {[%emt 0:11:56]} Rae8 {[%emt 0:02:01]} 25. Nd2 {[%emt 0:02:39]} Nd7 {[%emt 0:04:05]} 26. Nb3 $11 {[%emt 0:02:32]} f5 {[%emt 0:02:21]} 27. Na5 {[%emt 0:08:54]} Ba8 {[%emt 0:01:00]} 28. Nf1 {[%emt 0:02:31]} fxe4 {[%emt 0:00:44]} 29. Qxe4 {[%emt 0:00:36]} Qf7 {[%emt 0:02:36]} 30. Qe2 {[%emt 0:01:46]} c5 {[%emt 0:01:43]} 31. Ng3 {[%emt 0:00:26]} Nb6 {[%emt 0:01:36]} 32. Ne4 {[%emt 0:01:41]} Qc7 {[%emt 0:00:32]} 33. bxc5 {[%emt 0:01:32]} dxc5 {[%emt 0:00:08]} 34. b4 {[%emt 0:00:10]} Na4 {[%emt 0:00:48]} 35. Bd2 {[%emt 0:01:05]} Rd8 {[%emt 0:02:22]} 36. Rb1 {[%emt 0:05:09]} cxb4 {[%emt 0:01:20]} 37. Bxb4 {[%emt 0:00:16]} Rf7 {[%emt 0:00:24]} 38. Rbc1 {[%emt 0:04:06]} Qd7 {[%emt 0:00:48]} 39. Nd6 {[%emt 0:00:44]} Rf4 {[%emt 0:00:36]} 40. Qd2 {[%emt 0:00:00]} bxc4 {[%emt 0:01:08]} 41. Rxc4 {[%emt 0:16:25]} Nb6 {[%emt 0:06:19]} 42. Rxf4 {[%emt 0:08:07]} exf4 {[%emt 0:00:17]} 43. Nac4 {[%emt 0:07:13]} Qc6 {[%emt 0:10:47]} 44. f3 {[%emt 0:03:04]} Nd5 {[%emt 0:02:11]} 45. Ba3 {[%emt 0:01:47]} Ne3 {[%emt 0:04:03]} 46. Qe2 {[%emt 0:03:26]} Bd4 {[%emt 0:02:10]} 1/2-1/2

[Event "EIWCC 2017"]
[Site "Riga"]
[Date "2017.04.15"]
[Round "5"]
[White "Lazarne Vajda, Szidonia"]
[Black "Paehtz, Elisabeth"]
[Result "0-1"]
[WhiteElo "2355"]
[BlackElo "2454"]
[Annotator "TA"]
[PlyCount "216"]
[EventDate "2017.??.??"]
[EventType "swiss"]
[EventCountry "LAT"]
[SourceTitle "playchess.com"]
[Source "ChessBase"]
[SourceQuality "1"]

{[%evp 15,216,27,36,33,45,40,35,35,69,15,21,22,49,20,0,-26,15,-37,19,0,12,-112,-100,-115,-107,-119,-113,-104,-115,-113,-116,-99,-90,-70,-81,-122,-97,-104,-102,-118,-118,-132,-127,-229,-199,-190,-93,-175,-133,-143,-146,-124,-118,-136,-111,-137,-138,-142,-146,-134,-138,-100,-24,-24,-3,-5,0,0,0,0,0,0,0,0,0,0,0,0,0,0,0,-535,-535,-535,-535,-623,-623,-623,-622,-576,-504,-623,-623,-623,-623,-623,-623,-623,-623,-623,-623,-623,-588,-623,-623,-612,-550,-585,-591,-623,-621,-603,-606,-531,-520,-601,-588,-616,-591,-5778,-5766,-5712,-5712,-5712,-5712,-5610,0,-5549,-5061,-5041,-4825,-3690,-1937,-1929,-1922,-1922,-1922,-1908,-1898,-1919,-1886,-1879,-1838,-1831,-1802,-1741,-1726,-1709,-1663,-1836,-1654,-1668,-1387,-1145,-1177,-1626,-1635,-1563,-1295,-1474,-1559,-1461,-608,-973,-408,-5482,-5468,-5210,-4645,-1445,-1360,-6421,-6406,-6406,-3347,-1822,-1502,-1360,-1218,-6398,-1002,-6399,-6399,-5945,-5689,-6399,-1365,-6399,-6399,-6381,-6381,-6420,-6406,-6318,-6134,-5950,-5942,-4905,-1503,-12008,-5982,-5933,-5363]} 1. d4 Nf6 2. c4 g6 3. g3 Bg7 4. Bg2 O-O 5. Nc3 d6 6. Nf3 Nc6 7. O-O a6 8. Qd3 Nd7 {LiveBook: 54 Games} 9. b3 {E63: King's Indian: Fianchetto: Panno Variation with 7...a6} (9. Be3 Rb8 10. Qd2 b5 11. cxb5 axb5 12. Rac1 b4 13. Nd5 Bb7 14. Bg5 Re8 15. Rfd1 Ba8 16. b3 Rb5 17. e4 Qb8 {0-1 (35) Mareco,S (2583)-Flores,D (2602) Buenos Aires 2011}) 9... Rb8 10. Bb2 e5 $146 (10... b5 11. cxb5 axb5 12. Rac1 Nb4 13. Qd2 c5 14. dxc5 Nxc5 15. Nd4 Bd7 16. Ne4 Nba6 17. Nxc5 dxc5 {½-½ (29) Grabarczyk,M (2482)-Szelag,M (2469) Ustron 2007}) 11. dxe5 {White is slightly better.} dxe5 12. Ba3 (12. Rad1 $14) 12... Re8 $11 13. Rad1 b5 14. Ne4 Nd4 {[%cal Bc6d4,Bd4e6,Be6d8,Bd8b7,Bb7c5][%mdl 32]} 15. e3 Ne6 16. Qd5 (16. c5 $1 $11 Bb7 17. b4 (17. Qxd7 Qxd7 18. Rxd7 Bxe4 $15)) 16... h6 (16... Bb7 $15 17. Qd3 (17. Qxd7 Qxd7 18. Rxd7 Bxe4 $15) 17... b4) 17. c5 f5 18. Bh3 (18. c6 $11 {keeps the balance.} Nb6 19. Qxd8 Rxd8 20. Nc5) 18... Ndf8 $17 {And now ...Qxd5 would win.} 19. Qxd8 Nxd8 20. Ned2 e4 21. Nd4 Nfe6 22. Nxe6 Bxe6 23. f3 b4 24. Bc1 Nb7 25. fxe4 fxe4 26. Bxe6+ Rxe6 27. Nc4 Nxc5 28. Rd5 Nd3 29. Rd7 {[#]} (29. Bd2 $17) 29... Rf8 $1 $19 {[%cal Rf8f1]} 30. Bd2 c5 (30... Rxf1+ $19 {has better winning chances.} 31. Kxf1 Bc3 32. Rxc7 Rf6+ 33. Ke2 (33. Kg1 Rf2 34. Rc8+ Kg7 35. Rc7+ Kf8 36. Rc8+ Ke7 37. Rc7+ Kf8 38. Rc8+ Kg7 39. Rc7+ Kf8 $17) 33... Rf2+ 34. Kd1 Rxh2) 31. a3 (31. Rd6 $17 Rxf1+ 32. Kxf1) 31... bxa3 32. Nxa3 Ne5 33. Rd5 Nf3+ 34. Kg2 Rb8 35. Nc4 Rxb3 36. Rxc5 Nxd2 37. Rc8+ Kh7 38. Nxd2 Rb2 (38... Rxe3 $17 39. Rf7 Rf6 40. Rxf6 Bxf6) 39. Rf2 $11 a5 40. Ra8 Rf6 {...Rxf2+ is the strong threat.} 41. Nxe4 Rfxf2+ 42. Nxf2 {[%mdl 4096] Endgame KRB-KRN} Ra2 43. Kf3 a4 44. Nd3 g5 45. Ke4 a3 46. g4 Ra1 47. Ne5 a2 {Hoping for ...Rb1.} 48. Ra7 $2 {[%mdl 8192] [#]} (48. Nd3 $11 {and White is okay.}) 48... Rb1 $1 $19 49. Rxa2 Rb4+ 50. Kf3 Bxe5 {KRB-KR} 51. Ra7+ Kg6 52. Ra6+ Bf6 53. h3 Rb7 54. Rc6 Re7 55. Ra6 Kf7 56. Rc6 Re6 57. Rc7+ Be7 58. Rb7 Kf6 59. Rb5 Bd8 60. Rf5+ Kg7 61. Rd5 Bb6 62. Rd3 Kf6 63. Rb3 Bc5 64. Rc3 Re5 65. Rd3 Ke6 66. h4 Be7 67. hxg5 hxg5 68. Rd1 Bc5 69. Rd3 Ke7 70. Ke2 Ke6 71. Kf3 Rd5 72. Rb3 Ke5 73. Rb8 Rd7 74. Rg8 Rf7+ 75. Ke2 Kf6 76. Rc8 Bd6 77. Rc6 Ke6 78. Rc8 Rh7 79. Rg8 Rh2+ 80. Kf3 Rh3+ 81. Kf2 Kf6 82. Rd8 Be7 83. Rd5 Rh2+ 84. Kf3 Ra2 85. Rf5+ Ke6 86. Rb5 Rc2 87. Rb8 Rc3 88. Rb6+ Bd6 (88... Kd5 $142 89. Rg6 Ke5) 89. Ke4 Rc5 (89... Rc4+ $142 90. Kf3 Ke5) 90. Rb3 (90. Kd4 $142) 90... Re5+ {Black is clearly winning.} 91. Kf3 Kd7 92. Rb7+ Kc6 93. Rb3 Bc5 94. Rd3 Kb5 95. e4 Kc6 96. Rd8 Be7 97. Rd1 Bd6 (97... Rb5 $142 98. Rd3 Rb1) 98. Ra1 Rc5 99. Ra6+ Kd7 100. Ra7+ Rc7 101. Ra5 Rc3+ 102. Kf2 Bf4 103. Rf5 Ke6 104. Rb5 Ra3 105. Rd5 Re3 106. Rb5 Rxe4 107. Rb6+ Bd6 108. Kf3 Rf4+ 0-1

[Event "EIWCC 2017"]
[Site "Riga"]
[Date "2017.04.15"]
[Round "5"]
[White "Brunello, Marina"]
[Black "Gaponenko, Inna"]
[Result "0-1"]
[WhiteElo "2354"]
[BlackElo "2416"]
[Annotator "NA"]
[PlyCount "48"]
[EventDate "2017.??.??"]
[EventType "swiss"]
[EventCountry "LAT"]
[SourceTitle "playchess.com"]
[Source "ChessBase"]
[SourceQuality "1"]
[TimeControl "40/5400+30:1800+30"]

{[%evp 11,41,8,31,32767,32767,32767,32767,-10,0,-8,-12,-8,32767,32767,32767,32767,-10,-5,-7,-7,-11,-4,0,-19,-4,-33,-19,32767,32767,32767,-251,-287]} 1. e4 {[%emt 0:00:00]} c5 {[%emt 0:00:05]} 2. Nf3 {[%emt 0:00:00]} Nc6 {[%emt 0:00:07]} 3. d4 {[%emt 0:00:00]} cxd4 {[%emt 0:00:08]} 4. Nxd4 {[%emt 0:00:00]} Nf6 {[%emt 0:00:50]} 5. Nc3 {[%emt 0:00:02]} d6 {[%emt 0:00:37]} 6. Be2 {[%emt 0:01:03]} g6 {[%emt 0:01:13]} 7. Be3 {[%emt 0:13:59]} Bg7 {[%emt 0:00:23]} 8. O-O {[%emt 0:04:31]} O-O {[%emt 0:00:30]} 9. f3 {[%emt 0:01:38]} d5 {[%emt 0:03:08] LiveBook: 7 Games} 10. Nxd5 {[%emt 0:04:57] B73: Sicilian Dragon: Classical System without 9 Nb3} (10. exd5 Nxd5 11. Nxc6 bxc6 12. Nxd5 cxd5 13. c3 e5 14. Bc5 Re8 15. b4 Bb7 16. Qd2 Qc7 17. Rac1 a5 {½-½ (31) Roos,J (2406)-Poli,G (2495) ICCF email 2008}) 10... Nxd5 {[%emt 0:00:56]} 11. exd5 {[%emt 0:00:08]} Qxd5 {[%emt 0:06:21]} 12. Nxc6 {[%emt 0:00:23]} Qxc6 {[%emt 0:03:57]} 13. c3 {[%emt 0:01:10]} e5 {[%emt 0:18:11]} 14. Qe1 {[%emt 0:09:24]} Be6 {[%emt 0:14:44]} 15. Qf2 {[%emt 0:00:54]} Rfd8 $146 {[%emt 0:09:44]} (15... a6 16. Bb6 f5 17. Rfd1 Bh6 {0-1 (32) Mikalsen,H (1990)-Kravec,P (2156) Albena 2016}) 16. a4 {[%emt 0:22:21]} a6 {[%emt 0:02:22]} 17. a5 {[%emt 0:05:37]} Bf8 {[%emt 0:01:30]} 18. Rfc1 {[%emt 0:01:37]} Rac8 {[%emt 0:12:57]} 19. b4 {[%emt 0:05:02]} Bc4 {[%emt 0:00:39]} 20. Bb6 {[%emt 0:01:11]} Rd2 {[%emt 0:04:44]} 21. Re1 $19 {[%emt 0:00:06]} Rxe2 {[%emt 0:02:09]} 22. Rxe2 {[%emt 0:00:12]} Bxe2 {[%emt 0:00:06]} 23. Qxe2 {[%emt 0:00:03]} Qxc3 {[%emt 0:00:08]} 24. Re1 {[%emt 0:02:40]} Bxb4 {[%emt 0:01:18]} 0-1

[Event "EIWCC 2017"]
[Site "Riga"]
[Date "2017.04.15"]
[Round "5"]
[White "Warakomska, Anna"]
[Black "Batsiashvili, Nino"]
[Result "0-1"]
[WhiteElo "2343"]
[BlackElo "2496"]
[Annotator "TA"]
[PlyCount "128"]
[EventDate "2017.??.??"]
[EventType "swiss"]
[EventCountry "LAT"]
[SourceTitle "playchess.com"]
[Source "ChessBase"]
[SourceQuality "1"]

{[%evp 15,128,35,32,35,33,-2,7,10,26,37,44,46,47,47,56,22,112,70,57,40,81,35,31,36,49,31,24,42,46,53,82,81,73,20,29,10,31,0,0,0,0,0,0,2,2,4,3,0,0,0,0,-65,-9,-37,-35,-36,-29,-30,-34,-61,-16,-23,-18,-68,-66,-67,-64,-137,-152,-140,-109,-138,-139,-222,-220,-196,-141,-136,-125,-148,-118,-131,-132,-167,-159,-200,-188,-295,-300,-300,-300,-300,-300,-300,-300,-300,-300,-1643,-1629,-29962,-11566,-29971,-29971,-29975,-29976,-29976,-29976,-29979,-29980,-29981,-29982,-29982,-29983,-29977,-29976]} 1. e4 e5 2. Nf3 Nc6 3. Bb5 a6 4. Ba4 d6 5. c3 Bd7 6. O-O g6 7. d4 Bg7 8. Re1 Nf6 9. Nbd2 {[%cal Bb1d2,Bd2f1,Bf1g3][%mdl 32] C79: Ruy Lopez: Steinitz-type lines with 3...a6 4 Ba4 Nf6 5 0-0 d6} (9. h3 b5 10. Bc2 O-O 11. Nbd2 Re8 12. a3 h6 13. Nf1 Nh5 14. Be3 Kh7 15. Qd2 Qf6 16. N1h2 Rad8 {1-0 (68) Dominguez Perez,L (2739)-Van Foreest,J (2612) chess.com INT 2017}) 9... O-O 10. Nf1 b5 11. Bc2 {The position is equal.} Re8 12. h3 exd4 13. cxd4 Nb4 14. Bb1 c5 15. Ng3 $146 {aiming for dxc5.} (15. a3 Nc6 16. dxc5 dxc5 17. e5 Nh5 18. Be4 Qc7 19. g4 Rad8 20. Qe2 Nxe5 21. gxh5 Bxh3 22. Nxe5 Rxe5 23. Bf4 Qe7 24. Bxe5 {1-0 (24) Weiss,L (2043)-Ragan,A (1833) ICCF email 2013}) 15... c4 (15... cxd4 $11 {remains equal.} 16. Qxd4 (16. Nxd4 Nc6 17. Nde2 h5 $11) 16... a5) 16. Bf4 Bc8 17. Qd2 Nc6 18. d5 Ne5 19. Nxe5 dxe5 20. Bg5 Qd6 21. b3 cxb3 22. axb3 Bd7 23. Bd3 Rec8 24. Rec1 (24. Ra5 $16) 24... Rxc1+ $1 $11 25. Rxc1 a5 26. Be3 Bf8 27. Bc5 Qb8 28. b4 axb4 29. Bxb4 Bxb4 30. Qxb4 Qf8 31. Rb1 (31. Qd2 $5 {feels hotter.} Ne8 32. Ne2 f6 33. Rb1 Qc5 34. Qc3) 31... Qxb4 32. Rxb4 Kf8 33. Ne2 (33. Bxb5 $2 Rb8 34. Ra4 Bxb5 $19) (33. Rb3 $11) 33... Ra1+ (33... Ra4 $15 34. Rxa4 bxa4) 34. Rb1 (34. Kh2 $5 {with more complications.} Ra4 35. Rb2 Ra3 36. Bxb5 Bxb5 37. Rxb5 Nxe4 38. d6) 34... Rxb1+ 35. Bxb1 $15 {[%mdl 4096] Endgame KBN-KBN} Ke7 36. Kf1 Kd6 37. Ke1 Kc5 38. Kd2 Ne8 39. f4 exf4 40. Nxf4 Nd6 41. Ne2 (41. Kc3 $15) 41... b4 $17 42. Nc1 Nc4+ 43. Ke2 Kd4 44. Bd3 (44. Ba2 $17 {might work better.}) 44... Ne5 $1 $19 {[%cal Re5d3]} 45. Kd2 {[%cal Rc1b3]} Ba4 (45... Nxd3 $19 46. Nxd3 b3) 46. Ne2+ $17 Kc5 47. Nc1 f6 48. Bb1 Kd4 49. Ne2+ Kc4 $1 50. Nc1 {[#]} b3 $1 51. Nd3 {[#]} (51. h4 $142) 51... Nxd3 $1 $19 52. Bxd3+ {KB-KB} Kd4 53. Bb1 Bb5 54. h4 h6 {[%cal Bh7h6,Bh6h5][%mdl 32]} 55. g3 g5 56. hxg5 $2 (56. d6) 56... fxg5 ({Less strong is} 56... hxg5 57. d6 $17) 57. d6 h5 58. Bd3 Bd7 {Black mates.} 59. e5 Kxe5 60. Kc3 Be6 61. Be2 h4 ({Not} 61... Kxd6 62. Bxh5 Ke5 63. Bg6 $17) 62. gxh4 gxh4 63. Bf1 Kxd6 64. Bg2 Ke5 0-1

[Event "EIWCC 2017"]
[Site "Riga"]
[Date "2017.04.15"]
[Round "5"]
[White "Worek, Joanna"]
[Black "Grapsa, Georgia"]
[Result "0-1"]
[WhiteElo "2330"]
[BlackElo "2049"]
[Annotator "NA"]
[PlyCount "86"]
[EventDate "2017.??.??"]
[EventType "swiss"]
[EventCountry "LAT"]
[SourceTitle "playchess.com"]
[Source "ChessBase"]
[SourceQuality "1"]
[TimeControl "40/5400+30:1800+30"]

1. d4 {[%emt 0:00:00]} Nf6 {[%emt 0:00:05]} 2. c4 {[%emt 0:00:00]} e6 {[%emt 0:00:03]} 3. Nc3 {[%emt 0:00:00]} Bb4 {[%emt 0:00:05]} 4. Qc2 {[%emt 0:00:00]} Nc6 {[%emt 0:00:04]} 5. Nf3 {[%emt 0:00:14]} d6 {[%emt 0:00:06]} 6. Bd2 {[%emt 0:00:18]} O-O {[%emt 0:00:15]} 7. a3 {[%emt 0:00:20]} Bxc3 {[%emt 0:00:05]} 8. Bxc3 {[%emt 0:00:04]} Re8 {[%emt 0:00:17]} 9. e3 {[%emt 0:15:51]} e5 {[%emt 0:02:14]} 10. d5 {[%emt 0:00:35]} Nb8 {[%emt 0:05:05]} 11. Nd2 {[%emt 0:01:48]} c6 {[%emt 0:08:20]} 12. e4 {[%emt 0:04:03]} a5 {[%emt 0:04:45]} 13. Be2 {[%emt 0:02:24]} Na6 {[%emt 0:03:35]} 14. O-O {[%emt 0:00:26]} Bd7 {[%emt 0:04:02]} 15. b4 {[%emt 0:05:50]} cxd5 {[%emt 0:01:11]} 16. exd5 {[%emt 0:04:30]} a4 {[%emt 0:08:41]} 17. Rad1 {[%emt 0:10:06]} Qc8 {[%emt 0:00:51]} 18. Bd3 {[%emt 0:13:23]} b5 {[%emt 0:09:54]} 19. cxb5 {[%emt 0:07:59]} Nc7 {[%emt 0:06:56]} 20. b6 {[%emt 0:09:43]} Nb5 {[%emt 0:04:39]} 21. Nb1 {[%emt 0:01:46]} Qb7 {[%emt 0:06:42]} 22. Bf5 {[%emt 0:02:21]} Rac8 {[%emt 0:04:47]} 23. Bxd7 {[%emt 0:00:45]} Nxd7 {[%emt 0:00:08]} 24. Qd3 {[%emt 0:00:57]} Qxb6 {[%emt 0:00:28]} 25. Bd2 {[%emt 0:02:33]} e4 {[%emt 0:09:47]} 26. Qh3 {[%emt 0:00:42]} Ne5 {[%emt 0:00:36]} 27. Rfe1 {[%emt 0:11:58]} Nd3 {[%emt 0:02:00]} 28. Re3 {[%emt 0:00:15]} g6 {[%emt 0:04:51]} 29. Qh4 {[%emt 0:00:47]} Qd4 {[%emt 0:01:36]} 30. Rh3 {[%emt 0:01:58]} h5 {[%emt 0:01:13]} 31. Be3 {[%emt 0:01:14]} Qxd5 {[%emt 0:01:08]} 32. Rg3 {[%emt 0:00:01]} Re5 {[%emt 0:02:24]} 33. Qf6 {[%emt 0:00:43]} Qe6 {[%emt 0:01:26]} 34. Qxe6 {[%emt 0:00:58]} Rxe6 {[%emt 0:00:06]} 35. f3 {[%emt 0:01:50]} d5 {[%emt 0:00:45]} 36. fxe4 {[%emt 0:00:07]} dxe4 {[%emt 0:00:07]} 37. Rf1 {[%emt 0:01:05]} Nc3 {[%emt 0:04:56]} 38. Nd2 {[%emt 0:00:33]} Ne2+ {[%emt 0:00:09]} 39. Kh1 {[%emt 0:00:14]} Nxg3+ {[%emt 0:00:07]} 40. hxg3 {[%emt 0:00:00]} Rc2 {[%emt 0:03:38]} 41. b5 {[%emt 0:00:13]} f5 {[%emt 0:02:43]} 42. b6 {[%emt 0:01:15]} Rxd2 {[%emt 0:00:53]} 43. Bxd2 {[%emt 0:00:14]} Rxb6 {[%emt 0:00:03]} 0-1